| 000 | 00631nam a2200253 a 4500 | ||
|---|---|---|---|
| 001 | adlib96000001 | ||
| 003 | ViArRB | ||
| 005 | 200902210153555.7 | ||
| 008 | 960221s1955 dcuabcdjdbkoqu001 0deng d | ||
| 020 | _a | ||
| 022 | _a | ||
| 040 | _aAdlib | ||
| 082 | _a39(=545.8) | ||
| 245 | _abroad spectrum | ||
| 250 | _a | ||
| 260 |
_aLucknow _bPustak Kendra _c1973 |
||
| 300 |
_avi, 228 p. _c |
||
| 500 | _a | ||
| 100 |
_aKrishen, Prakash _e |
||
| 700 |
_a _a |
||
| 942 | _cBK | ||
| 653 | _aBroad Spectrum | ||
| 952 |
_w2010-06-16 _p00000286 _r2010-06-16 _40 _00 _bUL _10 _o39(=545.8) KRI _d2010-06-16 _70 _yBK _aUL |
||
| 999 |
_c29657 _d29656 |
||